|
|
|
|
| LEADER |
00872nab a2200205 i 4500 |
| 001 |
misc14239 |
| 005 |
20191106140503.0 |
| 008 |
170607s2014 hu o 0|| hun d |
| 022 |
|
|
|a 0025-0260
|
| 040 |
|
|
|a SZTE Miscellanea Repozitórium
|b hun
|
| 041 |
|
|
|a hun
|
| 100 |
1 |
|
|a Kasik László
|
| 245 |
1 |
0 |
|a Hátrányos és nem hátrányos helyzetű diákok szociálisprobléma-megoldó gondolkodása
|h [elektronikus dokumentum] /
|c Kasik László
|
| 260 |
|
|
|c 2014
|
| 300 |
|
|
|a 49-63
|
| 490 |
0 |
|
|a Magyar pedagógia : a Magyar Tudományos Akadémia Pedagógiai Bizottságának folyóirata
|v 114 No. 1
|
| 695 |
|
|
|a Neveléstudomány kutatási beszámoló, Szociálisprobléma-megoldó gondolkodás 12,14,16 éves tanulók
|
| 700 |
0 |
1 |
|a Guti Kornél
|e aut
|
| 700 |
0 |
1 |
|a Gáspár Csaba
|e aut
|
| 856 |
4 |
0 |
|u http://misc.bibl.u-szeged.hu/14239/1/mp_2014_001_6564_049-063.pdf
|z Dokumentum-elérés
|